| 000 | 00627nam a2200229 a 4500 | ||
|---|---|---|---|
| 008 | |||
| 020 | _a0702132632 (pbk.) | ||
| 049 | _aMAIN | ||
| 090 | 0 | 0 | _aQA276.A2 |
| 100 | 1 | _aUnderhill, Les G. | |
| 245 | 1 | 0 |
_aIntroSTAT 5.0 / _cLes Underhill & Dave Bradfield. |
| 260 |
_aKenwyn [South Africa] : _bJuta, _c1994. |
||
| 300 |
_a337 p. : _bill. ; _c25 cm. |
||
| 500 | _aIncludes index. | ||
| 650 | 0 | _aStatistics. | |
| 700 | 1 | _aBradfield, Dave. | |
| 907 |
_a.b10098495 _b28-11-03 _c28-11-03 |
||
| 003 | |||
| 005 | 20230123133521.0 | ||
| 040 | _cNUST | ||
| 942 |
_cBOOKS _kQA276.A2 |
||
| 999 |
_c149972 _d149972 |
||